000 00224nam a22000857a 4500
008 170608b xxu||||| |||| 00| 0 eng d
100 _93343
_aPrakash. V
245 _aDon`t do that
260 _aNew Delhi
_bDreamland Publication
_c2004
999 _c6671
_d6671